Word Ladder: Mario's Nervous Enemy Quiz Stats

 Plays Quiz Updated Mar 19, 2018

Challenge
Share
Tweet
Embed
Score 0/15 Timer 01:30
4 Plays Today
Hint 3-Letter Word % Correct
Decay of fleshROT
93.3%
Digit of the footTOE
92.7%
An inability to change is being 'stuck in a ___'RUT
92.4%
Golf ball's stand before a driveTEE
92.3%
A male youthBOY
92.1%
To use one's ocular organsSEE
91.5%
To purchase with moneyBUY
91.4%
G.I. Joe, Barbie, or Sit-and-Spin, e.g.TOY
91.1%
Hint 3-Letter Word % Correct
Sauce popular with Southeast Asian cuisine SOY
90.5%
Siegfried's partner magicianROY
89.4%
Your tummyGUT
84.7%
1933 Mae West movie: '___ Done Him Wrong'SHE
83.8%
Nervous or apprehensive: [rung 1] ___
Timid, masked enemy of Nintendo's Mario: ___ [rung 15]
SHY
80%
Timid, masked enemy of Nintendo's Mario: [rung 7] ___GUY
69%
Nervous or apprehensive: [rung 1] [rung 7]GUN
38.2%

Today's Daily Dose

You're not logged in!

Compare scores with friends on all Sporcle quizzes.
Join for Free
OR
Log In

You Might Also Like...

Show Comments

Extras

Top Quizzes Today


Score Distribution

Your Account Isn't Verified!

In order to create a playlist on Sporcle, you need to verify the email address you used during registration. Go to your Sporcle Settings to finish the process.

Report this User

Report this user for behavior that violates our Community Guidelines.

Details: